书目信息 |
| 题名: |
电工、电子技术实习与课程设计
|
|
| 作者: | 杨铮 主编 | |
| 分册: | ||
| 出版信息: | 北京 中国电力出版社 2004.02 |
|
| 页数: | 255页 | |
| 开本: | 26cm | |
| 丛书名: | 高等学校培养应用型人才教材 | |
| 单 册: | ||
| 中图分类: | TM-43 | |
| 科图分类: | ||
| 主题词: | 电工技术--高等学校--教材 | |
| 电子资源: | ||
| ISBN: | 7-5083-1525-1 | |
| 000 | 00935nam2 2200265 450 | |
| 001 | 0160242078 | |
| 005 | 20251112084430.28 | |
| 010 | @a7-5083-1525-1@dCNY22.00 | |
| 100 | @a20050726d2004 km y0chiy0120 ea | |
| 101 | 0 | @achi |
| 102 | @aCN@b110000 | |
| 105 | @aa a 000yy | |
| 200 | 1 | @a电工、电子技术实习与课程设计@Adian gong、dian zi ji shu shi xi yu ke cheng she ji@f杨铮主编@Fyang zheng zhu bian |
| 210 | @a北京@c中国电力出版社@d2004.02 | |
| 215 | @a255页@c图@d26cm | |
| 225 | 2 | @a高等学校培养应用型人才教材@i计算机系列 |
| 320 | @a有书目 (第255页) 。 | |
| 330 | @a本书讲述了实习和课程设计的目的、意义和要求,安全用电,常用电工工具、仪表的使用,电子元器件等,且汇编了实习、课程设计课题。 | |
| 410 | 0 | @12001 @a高等学校培养应用型人才教材 |
| 410 | 0 | @12001 @a计算机系列 |
| 606 | 0 | @a电工技术@x高等学校@j教材 |
| 690 | @aTM-43@v4 | |
| 701 | 0 | @a杨铮@Ayang zheng@4主编 |
| 801 | 0 | @aCN@c20060927 |
| 905 | @a10447@dTM-43@eY332 | |
| 电工、电子技术实习与课程设计/杨铮主编.-北京:中国电力出版社,2004.02 |
| 255页:图;26cm.-(高等学校培养应用型人才教材.计算机系列) |
| ISBN 7-5083-1525-1:CNY22.00 |
| 本书讲述了实习和课程设计的目的、意义和要求,安全用电,常用电工工具、仪表的使用,电子元器件等,且汇编了实习、课程设计课题。 |
| ● |
| 相关链接 |
|
|
|
正题名:电工、电子技术实习与课程设计
索取号:TM-43/Y332
 
预约/预借
| 序号 | 登录号 | 条形码 | 馆藏地/架位号 | 状态 | 备注 |
| 1 | 526538 | 205265381 | 自科库301/301自科库 2排1列3层/ [索取号:TM-43/Y332] | 在馆 | |
| 2 | 526539 | 205265390 | 自科库301/301自科库 2排1列3层/ [索取号:TM-43/Y332] | 在馆 | |
| 3 | 526540 | 205265407 | 自科二线404/404自科库 10排6列2层/ [索取号:TM-43/Y332] | 在馆 | |
| 4 | 599858 | 205998580 | 自科库301/301自科库 2排2列2层/ [索取号:TM-43/Y332] | 在馆 | |
| 5 | 599859 | 205998599 | 自科库301/301自科库 3排2列2层/ [索取号:TM-43/Y332] | 在馆 | |
| 6 | 599860 | 205998606 | 自科库301/301自科库 3排2列2层/ [索取号:TM-43/Y332] | 在馆 |